[Event "Mittelfranken-chTB2b 1819"]
[Site "Mittelfranken"]
[Date "2019.04.28"]
[Round "9.1"]
[White "Hirn, Erwin"]
[Black "Balhar, Michael"]
[Result "1/2-1/2"]
[WhiteElo "1957"]
[BlackElo "1773"]
[PlyCount "50"]
[EventDate "2018.10.14"]
[EventType "team-tourn"]
[EventRounds "9"]
[EventCountry "GER"]
[SourceTitle "EXT 2022"]
[Source "ChessBase"]
[SourceDate "2021.10.06"]
[SourceVersion "1"]
[SourceVersionDate "2021.10.06"]
[SourceQuality "1"]
[WhiteTeam "Neumarkt"]
[BlackTeam "Erlangen SC IV"]
[WhiteTeamCountry "GER"]
[BlackTeamCountry "GER"]

1. d4 Nf6 2. c4 c5 3. e3 g6 4. Nf3 Bg7 5. Nc3 0-0 6. Be2 cxd4 7. exd4 d5 8. 0-0 Nc6 9. Bf4 dxc4 10. Bxc4 Na5 11. Be2 Nd5 12. Be5 f6 13. Bg3 Be6 14. Na4 b6 15. Qd2 Qd7 16. b3 Rfc8 17. Ba6 Nb7 18. Rfe1 Bf5 19. Rac1 Rxc1 20. Rxc1 Rc8 21. Rxc8+ Qxc8 22. Bc4 Be6 23. Nc3 Nxc3 24. Bxe6+ Qxe6 25. Qxc3 Qd7 1/2-1/2

[Event "Mittelfranken-ch HT"]
[Site "Nuremberg"]
[Date "2019.04.20"]
[Round "9.1"]
[White "Hirn, Erwin"]
[Black "Reis, Gerhard"]
[Result "0-1"]
[WhiteElo "2084"]
[BlackElo "2200"]
[PlyCount "64"]
[EventDate "2019.04.16"]
[EventType "swiss"]
[EventRounds "9"]
[EventCountry "GER"]
[SourceTitle "EXT 2022"]
[Source "ChessBase"]
[SourceDate "2021.10.06"]
[SourceVersion "1"]
[SourceVersionDate "2021.10.06"]
[SourceQuality "1"]

1. d4 Nf6 2. c4 g6 3. Nc3 d5 4. Nf3 Bg7 5. e3 0-0 6. cxd5 Nxd5 7. Be2 c5 8. Bd2 Nc6 9. Nxd5 Qxd5 10. Bc3 cxd4 11. exd4 Rd8 12. 0-0 Nxd4 13. Nxd4 Bxd4 14. Bxd4 Qxd4 15. Qxd4 Rxd4 16. Rfd1 Rxd1+ 17. Rxd1 Be6 18. Bf3 Rc8 19. Bxb7 Rb8 20. Bc6 Bxa2 21. g3 Be6 22. Rd2 Rc8 23. Bb7 Rc7 24. Ba8 Kg7 25. f4 Kf6 26. Kf2 g5 27. fxg5+ Kxg5 28. Bf3 Bh3 29. Ke3 e5 30. Kf2 Re7 31. Rd5 f5 32. Rd2 e4 0-1

[Event "Mittelfranken-ch HT"]
[Site "Nuremberg"]
[Date "2019.04.16"]
[Round "2.3"]
[White "Hirn, Erwin"]
[Black "Erlbeck, Peter"]
[Result "1/2-1/2"]
[WhiteElo "2084"]
[BlackElo "2069"]
[PlyCount "45"]
[EventDate "2019.04.16"]
[EventType "swiss"]
[EventRounds "9"]
[EventCountry "GER"]
[SourceTitle "EXT 2022"]
[Source "ChessBase"]
[SourceDate "2021.10.06"]
[SourceVersion "1"]
[SourceVersionDate "2021.10.06"]
[SourceQuality "1"]

1. d4 f5 2. Nc3 Nf6 3. Bg5 d5 4. Bxf6 exf6 5. e3 Be6 6. Bd3 Nc6 7. Nge2 Qd7 8. a3 0-0-0 9. b4 Kb8 10. Bb5 g5 11. Na4 a6 12. Bd3 f4 13. Nc5 Bxc5 14. bxc5 Ka7 15. Qd2 Rde8 16. exf4 Bg4 17. 0-0 gxf4 18. f3 Bf5 19. Rfe1 Bxd3 20. cxd3 Qf5 21. Qxf4 Qxd3 22. Rad1 Qe3+ 23. Kf1 1/2-1/2

[Event "Mittelfranken-chTB2b 1819"]
[Site "Mittelfranken"]
[Date "2019.03.17"]
[Round "7.1"]
[White "Johanni, Harald"]
[Black "Hirn, Erwin"]
[Result "0-1"]
[WhiteElo "1892"]
[BlackElo "1957"]
[PlyCount "72"]
[EventDate "2018.10.14"]
[EventType "team-tourn"]
[EventRounds "9"]
[EventCountry "GER"]
[SourceTitle "EXT 2022"]
[Source "ChessBase"]
[SourceDate "2021.10.06"]
[SourceVersion "1"]
[SourceVersionDate "2021.10.06"]
[SourceQuality "1"]
[WhiteTeam "Nuernberg Anderssen"]
[BlackTeam "Neumarkt"]
[WhiteTeamCountry "GER"]
[BlackTeamCountry "GER"]

1. e4 c6 2. d4 d5 3. Nd2 dxe4 4. Nxe4 Nf6 5. Nxf6+ exf6 6. Be3 Bd6 7. Bd3 Qb6 8. Qc1 Qc7 9. Ne2 Bg4 10. h3 Bxe2 11. Bxe2 Nd7 12. c4 c5 13. d5 f5 14. Qc2 g6 15. 0-0-0 0-0-0 16. Kb1 Rde8 17. Rhe1 Re7 18. Bd2 Rhe8 19. Bc3 Ne5 20. g4 f4 21. g5 Qd7 22. Bxe5 Rxe5 23. Bg4 Qxg4 24. hxg4 Rxe1 25. a4 R1e2 26. Qc3 R8e4 27. Qa5 Rxf2 28. Qxa7 Ree2 29. Qa8+ Kc7 30. Qa5+ Kc8 31. Re1 f3 32. Qa8+ Bb8 33. Qa5 Bd6 34. Qa8+ Bb8 35. Qa5 Rxb2+ 36. Kc1 Bf4+ 0-1

[Event "Mittelfranken-chTB2b 1819"]
[Site "Mittelfranken"]
[Date "2018.11.04"]
[Round "2.1"]
[White "Hirn, Erwin"]
[Black "Quaschner, Manuel"]
[Result "1/2-1/2"]
[WhiteElo "1957"]
[BlackElo "2101"]
[PlyCount "63"]
[EventDate "2018.10.14"]
[EventType "team-tourn"]
[EventRounds "9"]
[EventCountry "GER"]
[SourceTitle "EXT 2022"]
[Source "ChessBase"]
[SourceDate "2021.10.06"]
[SourceVersion "1"]
[SourceVersionDate "2021.10.06"]
[SourceQuality "1"]
[WhiteTeam "Neumarkt"]
[BlackTeam "Grossenseebach"]
[WhiteTeamCountry "GER"]
[BlackTeamCountry "GER"]

1. d4 Nf6 2. Nf3 g6 3. Nc3 Bg7 4. e4 d6 5. h3 0-0 6. Be3 Nc6 7. Be2 e5 8. Qd2 Re8 9. d5 Ne7 10. g4 Kf8 11. 0-0-0 Bd7 12. Nh2 a6 13. g5 Nfg8 14. h4 f5 15. f3 Nc8 16. f4 Nge7 17. Rdf1 Kg8 18. h5 fxe4 19. fxe5 Bf5 20. e6 Nb6 21. Bd4 c5 22. Bxg7 Kxg7 23. Ng4 Bxg4 24. Rf7+ Kg8 25. Bxg4 Nc4 26. Qf4 Ne5 27. Nxe4 Nxd5 28. Nf6+ Qxf6 29. Qxf6 Nxf6 30. hxg6 Nfxg4 31. Rhxh7 Rxe6 32. Rhg7+ 1/2-1/2

[Event "Mittelfranken-chTB2b 1718"]
[Site "Mittelfranken"]
[Date "2018.04.22"]
[Round "8.4"]
[White "Krauss, Hermann"]
[Black "Hirn, Erwin"]
[Result "1/2-1/2"]
[WhiteElo "1951"]
[BlackElo "1975"]
[PlyCount "38"]
[EventDate "2017.10.08"]
[EventType "team-tourn"]
[EventRounds "9"]
[EventCountry "GER"]
[SourceTitle "EXT 2022"]
[Source "ChessBase"]
[SourceDate "2021.10.06"]
[SourceVersion "1"]
[SourceVersionDate "2021.10.06"]
[SourceQuality "1"]
[WhiteTeam "Nuernberg Noris Tarrasch IV"]
[BlackTeam "Neumarkt"]
[WhiteTeamCountry "GER"]
[BlackTeamCountry "GER"]

1. c4 Nf6 2. Nf3 e6 3. b3 Be7 4. Bb2 0-0 5. e3 d5 6. Be2 c5 7. 0-0 Nc6 8. d4 cxd4 9. Nxd4 Nxd4 10. Qxd4 dxc4 11. Qxc4 Bd7 12. Bf3 Rc8 13. Qd4 Bc5 14. Qe5 Qb6 15. Rd1 Bc6 16. Qg3 Be7 17. Nc3 Rfd8 18. Rac1 Rxd1+ 19. Rxd1 Rd8 1/2-1/2

[Event "Mittelfranken-chTB2b 1718"]
[Site "Mittelfranken"]
[Date "2018.04.08"]
[Round "7.3"]
[White "Arlt, Michael"]
[Black "Hirn, Erwin"]
[Result "0-1"]
[WhiteElo "1862"]
[BlackElo "1975"]
[PlyCount "60"]
[EventDate "2017.10.08"]
[EventType "team-tourn"]
[EventRounds "9"]
[EventCountry "GER"]
[SourceTitle "EXT 2022"]
[Source "ChessBase"]
[SourceDate "2021.10.06"]
[SourceVersion "1"]
[SourceVersionDate "2021.10.06"]
[SourceQuality "1"]
[WhiteTeam "Schwanstetten"]
[BlackTeam "Neumarkt"]
[WhiteTeamCountry "GER"]
[BlackTeamCountry "GER"]

1. e4 c6 2. d4 d5 3. exd5 cxd5 4. Bd3 Nf6 5. h3 Nc6 6. c3 e5 7. dxe5 Nxe5 8. Qe2 Qe7 9. Bc2 Bd7 10. Na3 a6 11. Bf4 Nc6 12. Be3 Qe6 13. Nf3 Bxa3 14. bxa3 0-0 15. 0-0 Ne4 16. Qd3 Ne5 17. Nxe5 Qxe5 18. Bd4 Qg5 19. f3 Bb5 20. Qd1 Bxf1 21. Kxf1 Ng3+ 22. Kg1 Rfe8 23. Qd3 f5 24. Bf2 Ne2+ 25. Kh2 Nf4 26. Qf1 Re2 27. h4 Qg6 28. Bb3 Rae8 29. Re1 Rxe1 30. Bxe1 Rxe1 0-1

[Event "Mittelfranken-ch HT 67th"]
[Site "Nuremberg"]
[Date "2018.03.31"]
[Round "9"]
[White "Hirn, Erwin"]
[Black "Hetzner, Hannes"]
[Result "1-0"]
[WhiteElo "2101"]
[BlackElo "1753"]
[PlyCount "125"]
[EventDate "2018.03.27"]
[EventType "swiss"]
[EventRounds "9"]
[EventCountry "GER"]
[SourceTitle "EXT 2020"]
[Source "ChessBase"]
[SourceDate "2019.10.17"]
[SourceVersion "1"]
[SourceVersionDate "2019.10.17"]
[SourceQuality "1"]

1. d4 Nf6 2. c4 e6 3. Nc3 Bb4 4. Qc2 0-0 5. e3 d5 6. a3 Bxc3+ 7. bxc3 b6 8. cxd5 exd5 9. Bd3 Ba6 10. Ne2 Bxd3 11. Qxd3 Nbd7 12. 0-0 c5 13. f3 Re8 14. Ng3 Rc8 15. Qf5 cxd4 16. cxd4 Nf8 17. Bd2 Rc4 18. Rfc1 Qc8 19. Qd3 Qa6 20. Rc3 Qa4 21. Nf5 Re6 22. Rac1 b5 23. Rb1 g6 24. Ng3 Rec6 25. Rcb3 a6 26. Ne2 Ne6 27. Bb4 a5 28. Nc3 Qxb3 29. Rxb3 axb4 30. axb4 Ra6 31. Qb1 Nc7 32. Qb2 Nd7 33. Ra3 Rac6 34. h4 Nb6 35. Kh2 Kg7 36. e4 Na6 37. Rxa6 Rxc3 38. Rxb6 Rc2 39. Qxc2 Rxc2 40. Rxb5 dxe4 41. fxe4 Rc4 42. Rd5 Rxb4 43. e5 Kf8 44. Kg3 Ke7 45. Rd6 f6 46. Kf4 Ra4 47. Ke4 fxe5 48. Kxe5 Ra2 49. Rb6 Re2+ 50. Kd5 Rxg2 51. Rb7+ Ke8 52. Rxh7 g5 53. Rg7 g4 54. Ke4 g3 55. Rg4 Rh2 56. Kf3 g2 57. Kf2 Kf7 58. Kg1 Rh3 59. Kxg2 Rd3 60. h5 Kf6 61. h6 Ra3 62. h7 Ra8 63. Rg8 1-0

[Event "Mittelfranken-ch HT 67th"]
[Site "Nuremberg"]
[Date "2018.03.29"]
[Round "6"]
[White "Boehme, Markus"]
[Black "Hirn, Erwin"]
[Result "1-0"]
[WhiteElo "2045"]
[BlackElo "2101"]
[PlyCount "105"]
[EventDate "2018.03.27"]
[EventType "swiss"]
[EventRounds "9"]
[EventCountry "GER"]
[SourceTitle "EXT 2020"]
[Source "ChessBase"]
[SourceDate "2019.10.17"]
[SourceVersion "1"]
[SourceVersionDate "2019.10.17"]
[SourceQuality "1"]

1. e4 c6 2. d4 d5 3. e5 Bf5 4. Be2 e6 5. Nf3 c5 6. c3 Nc6 7. 0-0 Qb6 8. dxc5 Bxc5 9. b4 Be7 10. Qa4 Kf8 11. b5 Nb8 12. Be3 Bc5 13. Bxc5+ Qxc5 14. Nbd2 Nd7 15. Rac1 Ne7 16. c4 Qb6 17. Qb4 Qc5 18. Qxc5 Nxc5 19. cxd5 Nd3 20. d6 Nxc1 21. dxe7+ Kxe7 22. Rxc1 Rac8 23. Rxc8 Rxc8 24. Nc4 f6 25. h3 Bb1 26. a4 Ba2 27. exf6+ gxf6 28. Nfd2 Rd8 29. f4 Rd4 30. g3 h5 31. Kf2 h4 32. Ke3 e5 33. fxe5 fxe5 34. Nxe5 Rxa4 35. Ng6+ Kf6 36. Nxh4 Ke5 37. Nhf3+ Kf6 38. g4 Be6 39. Nd4 Ra3+ 40. Bd3 Bd5 41. h4 a5 42. bxa6 bxa6 43. g5+ Kf7 44. h5 Kf8 45. h6 Bf7 46. Nc6 Bg6 47. Ne4 Ra1 48. Ne5 Re1+ 49. Kd4 Be8 50. g6 Rg1 51. Nf6 Bb5 52. Bxb5 axb5 53. Ned7+ 1-0

[Event "Mittelfranken-ch HT 67th"]
[Site "Nuremberg"]
[Date "2018.03.27"]
[Round "2"]
[White "Link, Andreas"]
[Black "Hirn, Erwin"]
[Result "0-1"]
[WhiteElo "2028"]
[BlackElo "2101"]
[PlyCount "168"]
[EventDate "2018.03.27"]
[EventType "swiss"]
[EventRounds "9"]
[EventCountry "GER"]
[SourceTitle "EXT 2020"]
[Source "ChessBase"]
[SourceDate "2019.10.17"]
[SourceVersion "1"]
[SourceVersionDate "2019.10.17"]
[SourceQuality "1"]

1. d4 Nf6 2. Nf3 d5 3. c4 e6 4. Bg5 c5 5. cxd5 cxd4 6. Qxd4 Qa5+ 7. Nc3 Nxd5 8. e4 Nxc3 9. bxc3 Nc6 10. Qd2 Be7 11. Bxe7 Nxe7 12. Rb1 0-0 13. Be2 Rd8 14. Qe3 b6 15. 0-0 Ba6 16. Bxa6 Qxa6 17. Qg5 Nc6 18. h4 Qxa2 19. h5 h6 20. Qb5 Rac8 21. Ra1 Qc2 22. e5 Qd3 23. Qa4 Na5 24. Rad1 Qxc3 25. Qh4 Nc6 26. Rd6 Qb4 27. Qg3 Rxd6 28. exd6 Nd4 29. d7 Rd8 30. Qc7 Nxf3+ 31. gxf3 Qe7 32. Rd1 Kf8 33. Qxa7 Qg5+ 34. Kf1 Qc5 35. Qa4 b5 36. Qe4 Qc4+ 37. Qxc4 bxc4 38. Rc1 Rxd7 39. Rxc4 Rd5 40. Rh4 Ke7 41. Kg2 Rg5+ 42. Kf1 e5 43. Rh1 Ke6 44. Ke2 Rf5 45. Ke3 Rf4 46. Ra1 Kf6 47. Rh1 Rd4 48. Rh2 Kf5 49. Rg2 g6 50. Rg1 g5 51. Ra1 Rh4 52. Ra7 f6 53. Ke2 Rxh5 54. Kf1 Rh4 55. Rh7 e4 56. Kg2 exf3+ 57. Kxf3 g4+ 58. Kg2 Kf4 59. Ra7 f5 60. Ra8 Rh3 61. Ra4+ Kg5 62. f4+ Kf6 63. Ra6+ Ke7 64. Rb6 h5 65. Rh6 h4 66. Rh5 Ke6 67. Rh7 Kd5 68. Re7 Kd4 69. Re5 Rf3 70. Rxf5 Ke4 71. Rf8 Rxf4 72. Re8+ Kf5 73. Rh8 g3 74. Kh3 Ke4 75. Ra8 Rf1 76. Ra2 Kf3 77. Ra3+ Kf2 78. Ra2+ Kg1 79. Kxh4 Rf2 80. Ra1+ Kh2 81. Ra3 g2 82. Rh3+ Kg1 83. Ra3 Rf8 84. Ra1+ Kh2 0-1

[Event "Mittelfranken-chT2b 1617"]
[Site "Mittelfranken"]
[Date "2016.12.11"]
[Round "4.3"]
[White "Zimmer, Frank"]
[Black "Hirn, Erwin"]
[Result "1/2-1/2"]
[WhiteElo "1813"]
[BlackElo "1967"]
[PlyCount "31"]
[EventDate "2016.10.23"]
[EventType "team-tourn"]
[EventRounds "9"]
[EventCountry "GER"]
[SourceTitle "EXT 2022"]
[Source "ChessBase"]
[SourceDate "2021.10.06"]
[SourceVersion "1"]
[SourceVersionDate "2021.10.06"]
[SourceQuality "1"]
[WhiteTeam "Nuernberg SK 1911 II"]
[BlackTeam "Neumarkt"]
[WhiteTeamCountry "GER"]
[BlackTeamCountry "GER"]

1. e4 c6 2. d4 d5 3. f3 dxe4 4. fxe4 e5 5. Nf3 exd4 6. Bc4 Qe7 7. 0-0 Bg4 8. Qxd4 Qc5 9. Be3 Qxd4 10. Nxd4 f6 11. h3 Bd7 12. Nc3 b5 13. Be6 Bc5 14. Bxd7+ Nxd7 15. Rad1 Ne7 16. Bf2 1/2-1/2

[Event "Mittelfranken-chTB2b 1516"]
[Site "Mittelfranken"]
[Date "2016.02.14"]
[Round "6.3"]
[White "Weber, Alexander"]
[Black "Hirn, Erwin"]
[Result "1/2-1/2"]
[WhiteElo "1799"]
[BlackElo "1956"]
[PlyCount "74"]
[EventDate "2015.10.18"]
[EventType "team-tourn"]
[EventRounds "9"]
[EventCountry "GER"]
[SourceTitle "EXT 2020"]
[Source "ChessBase"]
[SourceDate "2019.10.17"]
[SourceVersion "1"]
[SourceVersionDate "2019.10.17"]
[SourceQuality "1"]
[WhiteTeam "Erlangen SC III"]
[BlackTeam "Neumarkt"]
[WhiteTeamCountry "GER"]
[BlackTeamCountry "GER"]

1. e4 e6 2. d4 b6 3. Bd3 Bb7 4. Qe2 c5 5. d5 exd5 6. exd5+ Qe7 7. c4 d6 8. Nc3 Qxe2+ 9. Ngxe2 a6 10. a4 Nf6 11. 0-0 Nbd7 12. f4 0-0-0 13. Ng3 g6 14. Bd2 Bg7 15. Rfb1 Kc7 16. a5 Rhe8 17. axb6+ Nxb6 18. Na4 Ng4 19. Ne2 Nxa4 20. Rxa4 Rd7 21. h3 Ne3 22. b4 Rde7 23. Kf2 Nc2 24. bxc5 dxc5 25. Ra5 Kd8 26. d6 Rxe2+ 27. Bxe2 Bd4+ 28. Kg3 Rxe2 29. Rxb7 Rxd2 30. Rxa6 Bf2+ 31. Kh2 Kc8 32. Rxf7 Kb8 33. Rb6+ Ka8 34. Rc6 Kb8 35. d7 Rxd7 36. Rxd7 Ne3 37. Rf6 Nf1+ 1/2-1/2

[Event "Pyramiden Franken Cup"]
[Site "Fuerth"]
[Date "2014.09.06"]
[Round "5"]
[White "Hirn, Erwin"]
[Black "Beesk, Kevin"]
[Result "0-1"]
[WhiteElo "2163"]
[BlackElo "1866"]
[PlyCount "154"]
[EventDate "2014.09.04"]
[EventType "swiss"]
[EventRounds "7"]
[EventCountry "GER"]
[SourceTitle "CBM 162 Extra"]
[Source "ChessBase"]
[SourceDate "2014.10.17"]
[SourceVersion "1"]
[SourceVersionDate "2014.10.17"]
[SourceQuality "1"]

1. d4 d5 2. e4 dxe4 3. Nc3 Nf6 4. f3 exf3 5. Nxf3 Bf5 6. Bc4 e6 7. 0-0 c6 8. Ne5 Bg6 9. Bg5 Be7 10. Qe2 Qxd4+ 11. Kh1 Nbd7 12. Nxd7 Qxd7 13. Rad1 Qc8 14. Rd4 0-0 15. Rh4 Nd5 16. Bxe7 Nxe7 17. Ne4 Nd5 18. Ng5 h6 19. Ne4 Bxe4 20. Qxe4 f5 21. Qe5 Qd7 22. Re1 Rae8 23. Rh3 Qc7 24. Qd4 b5 25. Bd3 c5 26. Qh4 c4 27. Be2 Qf4 28. Bh5 Qxh4 29. Rxh4 Re7 30. Rd4 Nf6 31. Bg6 Ne4 32. Kg1 Ng5 33. h4 Nf7 34. Bxf5 e5 35. Rd5 a6 36. Bg6 Nh8 37. Be4 Re6 38. Rd7 Nf7 39. Bd5 Rf6 40. Rxe5 Kh8 41. Ree7 Kg8 42. Be6 g5 43. hxg5 hxg5 44. Ra7 Kg7 45. Rxa6 Kg6 46. g4 Nh6 47. Bf5+ Nxf5 48. gxf5+ Kxf5 49. Rxf6+ Rxf6 50. Rb7 Rd6 51. Rxb5+ Kf4 52. Kf1 g4 53. Rb4 Kf3 54. Ke1 Re6+ 55. Kd1 g3 56. Rb8 Rd6+ 57. Ke1 Re6+ 58. Kd2 Rg6 59. Rf8+ Kg2 60. Re8 Kf1 61. Re1+ Kf2 62. Re2+ Kf1 63. Re3 Kf2 64. Re5 g2 65. Re2+ Kf3 66. Re3+ Kf4 67. Re1 g1Q 68. Rxg1 Rxg1 69. Kc3 Rg2 70. a4 Ke5 71. Kxc4 Rxc2+ 72. Kb3 Rc8 73. a5 Kd5 74. Ka4 Kc6 75. b4 Rb8 76. a6 Kb6 77. b5 Rh8 0-1

[Event "Mittelfranken-chTB1 1314"]
[Site "Mittelfranken"]
[Date "2014.05.04"]
[Round "9.1"]
[White "Hirn, Erwin"]
[Black "Ulusoy, Tolga"]
[Result "0-1"]
[WhiteElo "1956"]
[BlackElo "2089"]
[PlyCount "50"]
[EventDate "2013.10.20"]
[EventType "team-tourn"]
[EventRounds "9"]
[EventCountry "GER"]
[SourceTitle "EXT 2020"]
[Source "ChessBase"]
[SourceDate "2019.10.17"]
[SourceVersion "1"]
[SourceVersionDate "2019.10.17"]
[SourceQuality "1"]
[WhiteTeam "Nuernberg Sued SW III"]
[BlackTeam "Nuernberg NT III"]
[WhiteTeamCountry "GER"]
[BlackTeamCountry "GER"]

1. d4 Nf6 2. c4 c5 3. e3 d6 4. Nc3 Nc6 5. dxc5 dxc5 6. Qxd8+ Nxd8 7. Nd5 Nxd5 8. cxd5 g6 9. Bd2 Bg7 10. Bb5+ Kf8 11. Rc1 b6 12. b4 Bb2 13. Rb1 Ba3 14. Bc3 f6 15. e4 Nf7 16. Bc6 Rb8 17. b5 a5 18. bxa6 Bxa6 19. Rb3 Bc1 20. Ne2 Bh6 21. Ba5 Ne5 22. Bb5 c4 23. Bxc4 Bxc4 24. Rxb6 Kf7 25. a4 Nd3+ 0-1

[Event "Mittelfranken-ch HT 63rd"]
[Site "Nuremberg"]
[Date "2014.04.17"]
[Round "7"]
[White "Erlbeck, Peter"]
[Black "Hirn, Erwin"]
[Result "1/2-1/2"]
[WhiteElo "2091"]
[BlackElo "2165"]
[PlyCount "26"]
[EventDate "2014.04.15"]
[EventType "swiss"]
[EventRounds "9"]
[EventCountry "GER"]
[SourceTitle "EXT 2022"]
[Source "ChessBase"]
[SourceDate "2021.10.06"]
[SourceVersion "1"]
[SourceVersionDate "2021.10.06"]
[SourceQuality "1"]

1. e4 b6 2. d4 e6 3. Nf3 Bb7 4. Bd3 c5 5. c3 cxd4 6. cxd4 Bb4+ 7. Bd2 Bxd2+ 8. Nbxd2 Ne7 9. 0-0 0-0 10. Re1 f5 11. e5 Bd5 12. Nc4 Nbc6 13. Be2 h6 1/2-1/2

[Event "Regionalliga NO 1314"]
[Site "Bayern"]
[Date "2014.02.09"]
[Round "6.8"]
[White "Hirn, Erwin"]
[Black "Steimar, Miroslav"]
[Result "1-0"]
[WhiteElo "2001"]
[BlackElo "1933"]
[PlyCount "111"]
[EventDate "2013.10.13"]
[EventType "team-tourn"]
[EventRounds "9"]
[EventCountry "GER"]
[SourceTitle "EXT 2015"]
[Source "ChessBase"]
[SourceDate "2014.11.20"]
[SourceVersion "1"]
[SourceVersionDate "2014.11.20"]
[SourceQuality "1"]
[WhiteTeam "Nuernberg Sued SW II"]
[BlackTeam "Windischeschenbach"]
[WhiteTeamCountry "GER"]
[BlackTeamCountry "GER"]

1. d4 c5 2. e3 cxd4 3. exd4 Nf6 4. Nf3 g6 5. Bd3 Bg7 6. c3 b6 7. Nbd2 Bb7 8. Qe2 0-0 9. 0-0 d6 10. Ne4 Nxe4 11. Bxe4 Bxe4 12. Qxe4 Nd7 13. Re1 Re8 14. Bg5 Nf6 15. Qh4 Qd7 16. Re2 Rac8 17. Rae1 Rc7 18. Nd2 b5 19. Re3 h5 20. h3 Nd5 21. Rf3 f5 22. Nf1 e5 23. dxe5 dxe5 24. Rd3 Qf7 25. Red1 Rc4 26. Qg3 f4 27. Qh4 Nf6 28. f3 Rc6 29. Bxf6 Bxf6 30. Qf2 Qxa2 31. Rd7 Be7 32. Qc2 Qc4 33. Nd2 Qe6 34. Ne4 b4 35. Rxa7 bxc3 36. bxc3 Rd8 37. Rxd8+ Bxd8 38. Ra8 Rc8 39. Rxc8 Qxc8 40. Qd3 Bb6+ 41. Kf1 Qd8 42. Ke2 Qxd3+ 43. Kxd3 Kf7 44. Kc4 Ke6 45. Kb5 Bd8 46. Kc6 g5 47. c4 Be7 48. Kc7 Kf5 49. Kd7 Bb4 50. c5 g4 51. hxg4+ hxg4 52. c6 Ba5 53. c7 Bxc7 54. Kxc7 gxf3 55. gxf3 Ke6 56. Kc6 1-0

[Event "Mittelfranken-chTB1 1314"]
[Site "Mittelfranken"]
[Date "2014.01.26"]
[Round "5.1"]
[White "Wittmann, Paul"]
[Black "Hirn, Erwin"]
[Result "1/2-1/2"]
[WhiteElo "2033"]
[BlackElo "1956"]
[PlyCount "43"]
[EventDate "2013.10.20"]
[EventType "team-tourn"]
[EventRounds "9"]
[EventCountry "GER"]
[SourceTitle "EXT 2020"]
[Source "ChessBase"]
[SourceDate "2019.10.17"]
[SourceVersion "1"]
[SourceVersionDate "2019.10.17"]
[SourceQuality "1"]
[WhiteTeam "Nuernberg Zabo"]
[BlackTeam "Nuernberg Sued SW III"]
[WhiteTeamCountry "GER"]
[BlackTeamCountry "GER"]

1. d4 Nf6 2. Nf3 d5 3. Bf4 e6 4. e3 Bd6 5. Bg3 Ne4 6. Bd3 f5 7. Bh4 Be7 8. Bxe7 Qxe7 9. 0-0 Nd7 10. c4 0-0 11. Nc3 c6 12. Qc2 Rf6 13. Ne1 Rh6 14. g3 Qg5 15. Nxe4 fxe4 16. f4 exf3 17. Qf2 Rf6 18. Nxf3 Qh5 19. Qe2 b6 20. cxd5 exd5 21. Nd2 Qxe2 22. Bxe2 1/2-1/2

[Event "Mittelfranken-chTB1 1314"]
[Site "Mittelfranken"]
[Date "2014.01.12"]
[Round "4.2"]
[White "Schoenberger, Andreas"]
[Black "Hirn, Erwin"]
[Result "0-1"]
[WhiteElo "1770"]
[BlackElo "1956"]
[PlyCount "62"]
[EventDate "2013.10.20"]
[EventType "team-tourn"]
[EventRounds "9"]
[EventCountry "GER"]
[SourceTitle "EXT 2020"]
[Source "ChessBase"]
[SourceDate "2019.10.17"]
[SourceVersion "1"]
[SourceVersionDate "2019.10.17"]
[SourceQuality "1"]
[WhiteTeam "Buechenbach/Roth II"]
[BlackTeam "Nuernberg Sued SW III"]
[WhiteTeamCountry "GER"]
[BlackTeamCountry "GER"]

1. e4 c6 2. d4 d5 3. e5 Bf5 4. Nf3 e6 5. Bd3 Bxd3 6. Qxd3 c5 7. dxc5 Bxc5 8. b3 Nc6 9. 0-0 Nge7 10. Ba3 Qa5 11. Bxc5 Qxc5 12. Nc3 0-0 13. Rfe1 Nb4 14. Qd2 Rac8 15. Na4 Qa5 16. a3 Nbc6 17. Rad1 b5 18. Nc3 Nxe5 19. Rxe5 Qxc3 20. Nd4 Qxd2 21. Rxd2 Nc6 22. Nxc6 Rxc6 23. Ree2 Rfc8 24. Kf1 a5 25. Ke1 Rc3 26. Kd1 a4 27. bxa4 Rxa3 28. Rd3 Rxd3+ 29. cxd3 bxa4 30. Ra2 Ra8 31. Kc2 Kf8 0-1

[Event "Regionalliga NO 0607"]
[Site "Bayern"]
[Date "2006.11.19"]
[Round "3.8"]
[White "Hirn, Erwin"]
[Black "Kirch, Daniel"]
[Result "1-0"]
[WhiteElo "2006"]
[BlackElo "1949"]
[PlyCount "43"]
[EventDate "2006.10.15"]
[EventType "team-tourn"]
[EventRounds "9"]
[EventCountry "GER"]
[SourceTitle "EXT 2008"]
[Source "ChessBase"]
[SourceDate "2007.11.25"]
[SourceVersion "1"]
[SourceVersionDate "2007.11.25"]
[SourceQuality "1"]
[WhiteTeam "Nuernberg Sued SW"]
[BlackTeam "Grieseebach"]
[WhiteTeamCountry "GER"]
[BlackTeamCountry "GER"]

1. d4 Nf6 2. Nc3 d5 3. e4 Nxe4 4. Nxe4 dxe4 5. Bc4 Nc6 6. Be3 g6 7. f3 Bg7 8. c3 exf3 9. Nxf3 0-0 10. 0-0 Bg4 11. h3 Bf5 12. Ng5 Qd6 13. Qf3 Nd8 14. g4 Be6 15. d5 Bc8 16. Ne4 Qd7 17. Rad1 f5 18. d6+ e6 19. Nc5 Qc6 20. d7 Bxd7 21. Rxd7 Bh6 22. Bd4 1-0

[Event "Mittelfrankenliga-B1 0506"]
[Site "Germany"]
[Date "2006.04.02"]
[Round "8.2"]
[White "Wittmann, Karl"]
[Black "Hirn, Erwin"]
[Result "0-1"]
[WhiteElo "2056"]
[BlackElo "1994"]
[PlyCount "120"]
[EventDate "2005.10.16"]
[EventType "team-tourn"]
[EventRounds "9"]
[EventCountry "GER"]
[SourceTitle "EXT 2007"]
[Source "ChessBase"]
[SourceDate "2006.11.23"]
[SourceVersion "1"]
[SourceVersionDate "2006.11.23"]
[SourceQuality "1"]

1. e4 c6 2. d4 d5 3. Nc3 dxe4 4. Nxe4 Nf6 5. Nxf6+ exf6 6. c3 Bd6 7. Bd3 0-0 8. Qc2 Re8+ 9. Ne2 h6 10. 0-0 Qc7 11. Ng3 Nd7 12. Qd1 Nf8 13. Qh5 Bf4 14. Qf3 Bxc1 15. Rfxc1 Be6 16. Nf5 Bxf5 17. Qxf5 Re7 18. Re1 Rae8 19. Rxe7 Qxe7 20. g3 g6 21. Qf3 Ne6 22. h4 Kg7 23. Qe3 Qd7 24. Qf3 f5 25. Kf1 Nc7 26. Re1 Rxe1+ 27. Kxe1 Qe6+ 28. Qe2 Kf6 29. f4 Qxe2+ 30. Kxe2 g5 31. hxg5+ hxg5 32. Bc4 Kg6 33. Ke3 f6 34. a3 Kg7 35. Ba2 Kf8 36. c4 Ke7 37. b4 Kd6 38. Bb3 Ke7 39. a4 b6 40. d5 cxd5 41. cxd5 Kd6 42. Kd4 Ne8 43. Ba2 Ng7 44. Ke3 Nh5 45. Kf3 g4+ 46. Kf2 a5 47. bxa5 bxa5 48. Bb3 Kc5 49. Ba2 Ng7 50. Ke3 Ne8 51. Bb1 Nd6 52. Bd3 Kxd5 53. Ba6 Kc5 54. Bd3 Kb4 55. Bc2 Kc3 56. Bd1 Nc4+ 57. Kf2 Nb2 58. Be2 Nxa4 59. Ba6 Nc5 60. Bc8 Ne4+ 0-1